[Event "Chigorin Memorial"]
[Site "St Petersburg RUS"]
[Date "2013.10.05"]
[Round "1.5"]
[White "Pershin,Denis"]
[Black "Zhigalko,S"]
[Result "0-1"]
[WhiteElo "2190"]
[BlackElo "2683"]

1.d4 Nf6 2.c4 g6 3.Nc3 d5 4.cxd5 Nxd5 5.e4 Nxc3 6.bxc3 Bg7 7.Nf3 O-O 8.Be2 c5
9.O-O Nc6 10.Be3 cxd4 11.cxd4 Bg4 12.Rb1 Bxf3 13.Bxf3 Bxd4 14.Bxd4 Nxd4 15.Rxb7 e5
16.Qa4 a5 17.Bd1 Rc8 18.Ra7 Rc5 19.Qa3 Qb6 20.Ra6 Qb5 21.Rf6 Kg7 22.Ba4 Qc4
23.Bb3 Qc3 24.Rb6 Rfc8 25.Rd1 Qc1 26.Qa4 Rd8 27.Bd5 Rc2 28.Rb1 Qf4 29.Rf1 Rxd5
30.Qxc2 Nxc2 31.exd5 e4 32.Rfd1 e3 33.fxe3 Nxe3 34.Rd2 Ng4  0-1

[Event "TCh-AUT 2nd Ost 2013-14"]
[Site "Vienna AUT"]
[Date "2013.10.05"]
[Round "1.2"]
[White "Beck,Hart"]
[Black "Pinter,E"]
[Result "1-0"]
[WhiteElo "2313"]
[BlackElo "2358"]

1.d4 Nf6 2.c4 g6 3.Nc3 d5 4.cxd5 Nxd5 5.e4 Nxc3 6.bxc3 Bg7 7.Bc4 c5 8.Ne2 Nc6
9.Be3 O-O 10.O-O Bd7 11.Rb1 Qc7 12.Bf4 Qc8 13.Rc1 Na5 14.Bd3 b5 15.Qd2 Re8
16.Bh6 Bh8 17.f4 f5 18.exf5 Nc4 19.Bxc4+ bxc4 20.fxg6 hxg6 21.d5 Rd8 22.Qe3 Bf5
23.Ng3 Rxd5 24.Qxe7 Qd7 25.Nxf5 Qxf5 26.Rfe1 Rd2 27.Qb7 Rad8 28.Bg5 R8d7
29.Qf3 R2d3 30.Re8+ Kf7 31.Qe2 Rd2 32.Qxc4+ R7d5 33.Rce1 Bf6 34.Bxf6 Qxf6
35.f5 gxf5 36.Qf4 Rd1 37.Qc7+ Kg6 38.Qg3+ Kh5 39.Qf3+  1-0

[Event "TCh-AUT 2nd Ost 2013-14"]
[Site "Vienna AUT"]
[Date "2013.10.05"]
[Round "1.3"]
[White "Danner,G"]
[Black "Wolfram,B"]
[Result "1/2-1/2"]
[WhiteElo "2316"]
[BlackElo "2259"]

1.d4 Nf6 2.c4 g6 3.Nc3 d5 4.cxd5 Nxd5 5.e4 Nxc3 6.bxc3 Bg7 7.Qa4+ Nd7 8.Nf3 c5
9.Bg5 O-O 10.Rd1 Qc7 11.Bd3 Nb6 12.Qa3 Bg4 13.Be2 Rfd8 14.O-O cxd4 15.cxd4 Bxf3
16.Bxf3 Bxd4 17.Qxe7 Qxe7 18.Bxe7 Rd7 19.Bg5 f6 20.Bg4 Rdd8 21.Bf4 h5 22.Be6+ Kf8
23.Bc7 Re8 24.Rxd4 Rxe6 25.Bxb6 Rxb6 26.Rc1 Re8 27.g3 Re7 28.Kg2 Kf7 29.Rc2 Ke6
30.Rd8 Rd7 31.Rg8 Kf7 32.Rh8 Kg7 33.Rb8 Kf7 34.h4 Ra6  1/2-1/2

[Event "66th ch-RUS 2013"]
[Site "Nizhny Novgorod RUS"]
[Date "2013.10.06"]
[Round "2.3"]
[White "Kramnik,V"]
[Black "Svidler,P"]
[Result "1/2-1/2"]
[WhiteElo "2796"]
[BlackElo "2740"]

1.d4 Nf6 2.c4 g6 3.Nc3 d5 4.cxd5 Nxd5 5.e4 Nxc3 6.bxc3 Bg7 7.Be3 c5 8.Rc1 Qa5
9.Qd2 cxd4 10.cxd4 Qxd2+ 11.Kxd2 O-O 12.Bc4 Nc6 13.Ne2 Rd8 14.Rhd1 Bxd4 15.Nxd4 Nxd4
16.Ke1 Nc6 17.Rxd8+ Nxd8 18.Bd5 Nc6 19.Bxc6 bxc6 20.Rxc6 Bb7 21.Rc4 a6 22.f3 Rc8
23.Rb4 Bc6 24.Bd2 Kf8 25.Rb6 Bb5 26.a3 Ke8 27.Rb7 Rd8 28.Ba5 Rd6 29.Rb8+ Kd7
30.Kf2 h5 31.Rb7+ Ke8 32.Rb8+ Kd7 33.Rb7+ Ke8 34.Bb4 Rd7 35.Rb8+ Rd8 36.Rb6 Rd7
37.h4 Rc7 38.g4 hxg4 39.fxg4 f6 40.e5 Rc6 41.Rb7 Re6 42.exf6 Rxf6+ 43.Kg3 Rf3+
44.Kxf3 Bc6+ 45.Kf4 Bxb7 46.h5 gxh5 47.gxh5 Kf7 48.h6 Kg6 49.Bxe7 Kxh6  1/2-1/2

[Event "23rd EYCC Open U16 2013"]
[Site "Budva MNE"]
[Date "2013.10.07"]
[Round "8.33"]
[White "Ostapchik,Anton"]
[Black "Vesce,Emanuele"]
[Result "0-1"]
[WhiteElo "1900"]
[BlackElo "2002"]

1.d4 Nf6 2.c4 g6 3.Nc3 d5 4.cxd5 Nxd5 5.e4 Nxc3 6.bxc3 Bg7 7.Bc4 c5 8.Ne2 O-O
9.O-O Nc6 10.Be3 Qc7 11.Qd2 Rd8 12.Rac1 Qa5 13.Rfd1 b6 14.Qc2 e6 15.Bg5 Re8
16.Be3 b5 17.Bd5 exd5 18.exd5 Bf5 19.Qb2 cxd4 20.cxd4 Ne7 21.Rc5 Bd7 22.d6 Nf5
23.Rc7 Nxe3 24.fxe3 Bg4 25.h3 Bxe2 26.Qxe2 Qb6 27.Qf3 Rf8 28.Qd5 Rad8 29.Rc6 Qa5
30.e4 Qa4 31.Rd3 Qb4 32.Rd1 Rc8 33.Rxc8 Rxc8 34.e5 Qc4 35.Qb7 Rf8 36.Qe7 Qe2
37.Rf1 Qe3+ 38.Kh1 Qd3 39.Rf3 Qd1+ 40.Kh2 Qxd4 41.g3 Qxe5 42.Rd3 Bf6 43.Qxe5 Bxe5
44.Rd5 f6  0-1

[Event "63rd ch-RUS w 2013"]
[Site "Nizhny Novgorod RUS"]
[Date "2013.10.09"]
[Round "5.5"]
[White "Pogonina,N"]
[Black "Charochkina,D"]
[Result "1-0"]
[WhiteElo "2485"]
[BlackElo "2343"]

1.d4 Nf6 2.c4 g6 3.Nc3 d5 4.cxd5 Nxd5 5.e4 Nxc3 6.bxc3 Bg7 7.Be3 c5 8.Qd2 O-O
9.d5 Qa5 10.Rc1 Na6 11.Nf3 b5 12.Be2 Rd8 13.c4 b4 14.O-O Bc3 15.Qc2 Bd7 16.e5 Bf5
17.Bd3 Bg4 18.e6 Bxf3 19.gxf3 Qc7 20.Kh1 Qe5 21.Rg1 fxe6 22.Bxg6 Kh8 23.Bxh7 Qh5
24.Rg3 Be5 25.Bg6 Qh4 26.Bg5 b3 27.axb3 Nb4 28.Qd2  1-0

[Event "Indonesia Open 2013"]
[Site "Jakarta INA"]
[Date "2013.10.11"]
[Round "2.5"]
[White "Ganguly,S"]
[Black "Yap,K"]
[Result "1-0"]
[WhiteElo "2639"]
[BlackElo "2417"]

1.d4 Nf6 2.c4 g6 3.Nc3 d5 4.cxd5 Nxd5 5.e4 Nxc3 6.bxc3 Bg7 7.Bc4 c5 8.Ne2 Nc6
9.Be3 O-O 10.O-O Qc7 11.Rc1 b6 12.Ng3 Bb7 13.d5 Rad8 14.Qc2 Ne5 15.Be2 c4
16.f4 Bh6 17.Qd2 Nd7 18.Rcd1 Nc5 19.Qc2 b5 20.Qb2 Na4 21.Qa3 f5 22.exf5 Rxd5
23.fxg6 hxg6 24.Qc1 Bg7 25.Bd4 Bxd4+ 26.cxd4 Rd6 27.f5 Qb6 28.Qe3 Nb2 29.Rd2 Na4
30.fxg6 Rxf1+ 31.Bxf1 Re6 32.Qf4 Rxg6 33.Nf5 Qf6 34.Re2 Nc3 35.Qb8+  1-0

[Event "TCh-Belgrade Premier liga 2013"]
[Site "Belgrade SRB"]
[Date "2013.10.12"]
[Round "1.6"]
[White "Maksimovic,Ma"]
[Black "Vucinic,G"]
[Result "1-0"]
[WhiteElo "2186"]
[BlackElo "2265"]

1.d4 Nf6 2.c4 g6 3.Nc3 d5 4.cxd5 Nxd5 5.e4 Nxc3 6.bxc3 Bg7 7.Bc4 c5 8.Be3 Nc6
9.e5 Qa5 10.Qd2 O-O 11.f4 Rd8 12.Ne2 Bg4 13.d5 b5 14.Bb3 c4 15.Bc2 Bxe2 16.Kxe2 e6
17.d6 Nxe5 18.fxe5 Bxe5 19.d7 Bxc3 20.Qd6 b4 21.Be4 Rab8 22.Bf4 Bxa1 23.Rxa1 c3
24.Rd1 Qxa2+ 25.Ke1 c2 26.Bxc2 Rb7 27.Qc6 Rbxd7 28.Rxd7 Rxd7 29.Qc8+ Kg7
30.Be5+ Kh6 31.Bf4+ g5 32.Qxd7 Qxc2 33.Bd2 Qe4+ 34.Kd1 Qg4+ 35.Kc1 Qc4+ 36.Kb2 b3
37.Bc3 Kg6 38.Qxa7 Qe2+ 39.Kxb3 Qxg2 40.Qb8 Qd5+ 41.Kb2 Qf5 42.Qh8 Kh5 43.Qg7 Kg4
44.Qh6 e5 45.h3+ Kg3 46.Be1+ Kg2 47.Qh5 f6 48.Qe2+ Kxh3 49.Qh5+ Kg2 50.Qe2+ Kg1
51.Bg3 Qf1 52.Qh2+  1-0

[Event "7th Univ Cent Open 2013"]
[Site "Bogota COL"]
[Date "2013.10.12"]
[Round "6.21"]
[White "Franco Valencia,B"]
[Black "Garces,Javier"]
[Result "1-0"]
[WhiteElo "2180"]
[BlackElo "1975"]

1.d4 Nf6 2.c4 g6 3.Nc3 d5 4.cxd5 Nxd5 5.e4 Nxc3 6.bxc3 Bg7 7.Bg5 c5 8.Rc1 O-O
9.Nf3 Nd7 10.Bd3 Nf6 11.O-O Bg4 12.d5 Qa5 13.Bb1 c4 14.h3 Bxf3 15.Qxf3 Rfe8
16.Rfd1 Rac8 17.h4 Nd7 18.h5 Ne5 19.Qh3 Qa3 20.Bd2 a6 21.h6 Bh8 22.f4 Nd3
23.Bxd3 cxd3 24.Qxd3 Qxa2 25.c4 Qb2 26.Be3 b5 27.c5 f6 28.Ra1 f5 29.e5  1-0

[Event "3rd Central Asia Cup"]
[Site "Dushanbe TJK"]
[Date "2013.10.12"]
[Round "1.11"]
[White "Khusenkhojaev,Mustafokhuja"]
[Black "Isaev,J"]
[Result "0-1"]
[WhiteElo "2057"]
[BlackElo "2322"]

1.d4 Nf6 2.c4 g6 3.Nc3 d5 4.cxd5 Nxd5 5.e4 Nxc3 6.bxc3 Bg7 7.Nf3 c5 8.Rb1 O-O
9.Be2 b6 10.O-O Bb7 11.e5 cxd4 12.cxd4 Be4 13.Bd3 Bd5 14.a3 Nc6 15.Bb2 Bxf3
16.gxf3 e6 17.Be4 Rc8 18.Qa4 Qd7 19.Bxc6 Qxc6 20.Qxc6 Rxc6 21.Rbc1 Rfc8 22.Rxc6 Rxc6
23.Rc1 Rxc1+ 24.Bxc1 b5 25.Kf1 Kf8 26.Ke2 Ke8 27.Kd3 Kd7 28.Kc3 Bf8 29.f4 Kc6
30.f3 Kd5 31.Bb2 a5 32.Kd3 Be7 33.Bc1 a4 34.Kc3 Bh4 35.Bd2 Be7 36.Bc1 h6
37.h3 h5 38.Bb2 Bh4 39.Kb4 Kc6 40.Kc3 Be1+ 41.Kd3 b4 42.Ke2 bxa3 43.Bxa3 Bg3
44.Ke3 Kd5 45.Be7 Kc4 46.Ke4 Bf2 47.Bc5 Kb3 48.Bd6 a3 49.Bxa3 Kxa3 50.d5 Kb4
51.d6 Kc4 52.f5 gxf5+ 53.Kf4 Bh4 54.Ke3 Kd5 55.f4 f6  0-1

[Event "66th ch-RUS 2013"]
[Site "Nizhny Novgorod RUS"]
[Date "2013.10.12"]
[Round "7.1"]
[White "Karjakin,Sergey"]
[Black "Nepomniachtchi,I"]
[Result "1/2-1/2"]
[WhiteElo "2762"]
[BlackElo "2702"]

1.d4 Nf6 2.c4 g6 3.Nc3 d5 4.cxd5 Nxd5 5.e4 Nxc3 6.bxc3 Bg7 7.Nf3 c5 8.Rb1 O-O
9.Be2 b6 10.O-O Bb7 11.Qd3 Ba6 12.Qc2 Bxe2 13.Qxe2 Qd7 14.Bg5 h6 15.Bf4 Qa4
16.Qe3 Kh7 17.dxc5 Nd7 18.cxb6 axb6 19.Rfd1 Qxa2 20.e5 Ra4 21.h4 Qe6 22.Rb4 Rxb4
23.cxb4 Rc8 24.Qd3 Nf8 25.Be3 Rc4 26.b5 Rb4 27.Qd8 Qb3 28.Rc1 Rxb5 29.Qxe7 Qe6
30.Rc7 Qxe7 31.Rxe7 Kg8 32.Re8 Kh7 33.Re7 Kg8 34.Re8 Kh7 35.Re7  1/2-1/2

[Event "Chigorin Memorial"]
[Site "St Petersburg RUS"]
[Date "2013.10.12"]
[Round "8.53"]
[White "Demianjuk,A"]
[Black "Belov,Nikita"]
[Result "1-0"]
[WhiteElo "2355"]
[BlackElo "2108"]

1.d4 Nf6 2.c4 g6 3.Nc3 d5 4.cxd5 Nxd5 5.e4 Nxc3 6.bxc3 Bg7 7.Nf3 c5 8.Rb1 O-O
9.Be2 Nc6 10.d5 Ne5 11.Nxe5 Bxe5 12.Qd2 e6 13.f4 Bg7 14.c4 exd5 15.cxd5 Re8
16.e5 Bf5 17.Rxb7 Be4 18.Bf3 Bxf3 19.gxf3 Qh4+ 20.Qf2 Bxe5 21.Qxh4 Bf6+ 22.Kd2 Bxh4
23.Kd3 Rad8 24.Kc4 Re2 25.Rxa7 Rc2+ 26.Kd3 Rf2 27.Kc4 Rxf3 28.Rd1 Rf2 29.d6 Rxh2
30.Kd5 c4 31.Bd2 Bf2 32.Rc7 Rh5+ 33.Kxc4 Rf5 34.d7 Bh4 35.Rc8 h5 36.Re1  1-0

[Event "Bundesliga 2013-14"]
[Site "Emsdetten GER"]
[Date "2013.10.13"]
[Round "2"]
[White "Lenic,L"]
[Black "Swiercz,D"]
[Result "1-0"]
[WhiteElo "2634"]
[BlackElo "2636"]

1.d4 Nf6 2.c4 g6 3.Nc3 d5 4.cxd5 Nxd5 5.e4 Nxc3 6.bxc3 Bg7 7.Qa4+ Qd7 8.Qxd7+ Bxd7
9.Rb1 c5 10.Rxb7 cxd4 11.cxd4 Bxd4 12.Nf3 Bc3+ 13.Bd2 Bxd2+ 14.Kxd2 Bc6 15.Bb5 Bxb5
16.Rxb5 Nd7 17.Rc1 Nb6 18.Ke3 f6 19.Rc7 Kf7 20.Nd4 Rac8 21.Rbc5 Rhd8 22.Nc6 Re8
23.Nxa7 Ra8 24.Rb7 Nc8 25.Nb5 Rd8 26.a4 g5 27.Nc3 Nd6 28.Rbc7 Ne8 29.Rb7 Nd6
30.Rb6 Rd7 31.f3 h5 32.Rb4 Rda7 33.Kd3 h4 34.e5 Ne8 35.Kc2 Nc7 36.Rbc4 Ne6
37.Rb5 Rd8 38.Rd5 Rxd5 39.Nxd5 Ra5 40.Nc3 Rxe5 41.Re4 Ra5 42.Rc4 Re5 43.Kb3 Nf4
44.g3 hxg3 45.hxg3 Nd3 46.Rd4 Re3 47.a5 Rxf3 48.Rd5 Rxg3 49.a6 Nf4 50.Rd8 Ne6
51.Rc8 Nd4+ 52.Kb4 Rg4 53.Ka5 Nb3+ 54.Kb5 Nd4+ 55.Kb6 Rg1 56.Rc4 Nf5 57.a7 Nd6
58.a8=Q Nxc4+ 59.Kc5 Ne5 60.Qa2+ Kf8 61.Qh2 Rc1 62.Qd2 Ra1 63.Qd8+ Kf7 64.Nd5 Rc1+
65.Kb5 Rb1+ 66.Ka4 Ng6 67.Nc7 Re1 68.Kb3 Re5 69.Qe8+ Kg7 70.Qd7 Nf4 71.Kc4 Kf7
72.Nb5 Rd5 73.Qc8 Rd1 74.Qh8 Rc1+ 75.Kd4 Rd1+ 76.Kc3 Re1 77.Qh7+ Kf8 78.Nd4 Re3+
79.Kc2 Re5 80.Nf5 Ke8 81.Qg8+ Kd7 82.Ng7 Kc7 83.Kd2 Re2+ 84.Kc3 Re5 85.Kc2 Re2+
86.Kd1 Re5 87.Qe8 Nd5 88.Nh5 Nf4 89.Ng3 Nd5 90.Ne2 Ne3+ 91.Kc1 Nf5 92.Kd2 Nd6
93.Qa8 Nb5 94.Nc1 Nd6 95.Nb3 Kb6 96.Nd4 Kc5 97.Kd3 Kb6 98.Qc6+ Ka7 99.Qc7+ Ka6
100.Nc6 Rd5+ 101.Ke2 Rc5 102.Qa7+ Kb5 103.Nxe7 Re5+ 104.Kd3 Ne4 105.Qb7+ Kc5
106.Qc6+ Kb4 107.Nd5+ Ka3 108.Kc2  1-0

[Event "Chinese Teams 2013"]
[Site "Qingdao CHN"]
[Date "2013.10.13"]
[Round "14.2"]
[White "Wang Doudou"]
[Black "Ni,Shiqun"]
[Result "1-0"]
[WhiteElo "2226"]
[BlackElo "2207"]

1.d4 Nf6 2.c4 g6 3.Nc3 d5 4.cxd5 Nxd5 5.e4 Nxc3 6.bxc3 Bg7 7.Be3 c5 8.Nf3 Qa5
9.Qd2 O-O 10.Rc1 Rd8 11.d5 e6 12.Bg5 f6 13.Bf4 Qa4 14.Qc2 Qxc2 15.Rxc2 exd5
16.exd5 Bf5 17.Rb2 Be4 18.Bc4 Nd7 19.Bc7 Nb6 20.Rxb6 axb6 21.Bxd8 Rxd8 22.O-O Rd6
23.Re1 Bxf3 24.gxf3 Kf7 25.Bb5 f5 26.c4 Bf6 27.Re3 Be7 28.Kg2 Rd8 29.Re6 Rd6
30.Re2 Rd8 31.f4 Bd6 32.Kf3 Ra8 33.a4 Rd8 34.Re6 Bc7 35.h4 h5 36.Kg3 Rg8
37.Bd7 Rd8 38.Bb5 Rg8 39.Bd7 Rd8 40.d6 Rxd7 41.dxc7 Rxc7 42.Rxb6 Rd7 43.Rb5 b6
44.Rxb6 Rd3+ 45.f3 Rd4 46.Rb1 Rxc4 47.Ra1 Rd4 48.a5 Rd7 49.a6 Ra7 50.Kf2 Ke6
51.Ke3 Kd5 52.Kd3 c4+ 53.Kc3 Kc5 54.Ra4 Kb5 55.Rb4+ Kc5  1-0

[Event "4th Continental Class 2013"]
[Site "Arlington USA"]
[Date "2013.10.14"]
[Round "9.1"]
[White "Shabalov,A"]
[Black "Cheng,Bi"]
[Result "1/2-1/2"]
[WhiteElo "2520"]
[BlackElo "2442"]

1.d4 Nf6 2.c4 g6 3.Nc3 d5 4.cxd5 Nxd5 5.e4 Nxc3 6.bxc3 Bg7 7.Bc4 c5 8.Ne2 O-O
9.O-O Nc6 10.Be3 Qc7 11.Rc1 Bd7 12.h4 Rad8 13.h5 Bg4 14.hxg6 hxg6 15.f3 Bc8  1/2-1/2

[Event "Indonesia Open 2013"]
[Site "Jakarta INA"]
[Date "2013.10.14"]
[Round "7.3"]
[White "Moiseenko,A1"]
[Black "Laylo,D"]
[Result "1-0"]
[WhiteElo "2703"]
[BlackElo "2497"]

1.d4 Nf6 2.c4 g6 3.Nc3 d5 4.cxd5 Nxd5 5.e4 Nxc3 6.bxc3 Bg7 7.Qa4+ Nd7 8.Nf3 c5
9.Be2 O-O 10.O-O cxd4 11.cxd4 Nc5 12.dxc5 Bxa1 13.e5 f6 14.Bh6 Bxe5 15.Nxe5 fxe5
16.Rd1 Qe8 17.Bc4+ Kh8 18.Bb5 Qf7 19.Bxf8 Qxf8 20.Qe4 Bf5 21.Qxb7 Rb8 22.Qa6 Qc8
23.c6 Qc7 24.Qa4 Rb6 25.Qc4 Kg7 26.h3 Kf6 27.Qh4+ Kg7 28.Qc4 Kf6 29.Ba4 Be6
30.Qc2 Rb4 31.Bb3 Bxb3 32.axb3 Rd4 33.Rc1 Rd8 34.b4 Qb6 35.Qc4 Kg7 36.Qe6 Qc7
37.b5 Rf8 38.Rd1 Rf6 39.Rd7  1-0

[Event "Indonesia Open 2013"]
[Site "Jakarta INA"]
[Date "2013.10.14"]
[Round "7.35"]
[White "Nakhbayeva,G"]
[Black "Khusnutdinov,R"]
[Result "0-1"]
[WhiteElo "2307"]
[BlackElo "2509"]

1.d4 Nf6 2.c4 g6 3.Nc3 d5 4.cxd5 Nxd5 5.e4 Nxc3 6.bxc3 Bg7 7.Nf3 c5 8.Rb1 O-O
9.Be2 b6 10.O-O Qc7 11.Qb3 e6 12.Be3 Nd7 13.Rbc1 Bb7 14.d5 exd5 15.exd5 Nf6
16.c4 Ng4 17.Bg5 Rfe8 18.Rfe1 Bc8 19.Rcd1 Bd7 20.h3 Nf6 21.d6 Qb7 22.Bf1 h6
23.Bf4 Ne4 24.Bd3 f5 25.Bxe4 fxe4 26.Nh2 Rad8 27.h4 Bc8 28.Nf1 Qf7 29.Bg3 Bd4
30.Ne3 Be6 31.Qc2 h5 32.Rc1 Bf5 33.Qd2 Re6 34.Nd5 Be5 35.Bxe5 Rxe5 36.Qf4 Re6
37.Ne7+ Kg7 38.Rc3 Rdxd6 39.Rg3 Qxe7 40.Qxf5 Qxh4  0-1

[Event "66th ch-RUS 2013"]
[Site "Nizhny Novgorod RUS"]
[Date "2013.10.14"]
[Round "9.2"]
[White "Karjakin,Sergey"]
[Black "Svidler,P"]
[Result "1/2-1/2"]
[WhiteElo "2762"]
[BlackElo "2740"]

1.d4 Nf6 2.c4 g6 3.Nc3 d5 4.cxd5 Nxd5 5.e4 Nxc3 6.bxc3 Bg7 7.Nf3 c5 8.Rb1 O-O
9.Be2 cxd4 10.cxd4 Qa5+ 11.Bd2 Qxa2 12.O-O Bg4 13.Be3 Nc6 14.d5 Na5 15.Bg5 b6
16.Bxe7 Rfe8 17.d6 Nc6 18.Bb5 Nxe7 19.Bxe8 Rxe8 20.dxe7 Qa3 21.h3 Bxf3 22.Qxf3 Qxe7
23.Rfe1 Bd4 24.Rbd1 Qe5 25.Qd3 Bc5 26.Qa6 Re7 27.Re2 h5 28.Rd5 Qe6 29.Rd8+ Kg7
30.Qa1+ Qe5 31.Qxe5+ Rxe5 32.Kf1 a5 33.Ra8 g5 34.f3 h4 35.Rd2 f5 36.exf5 Kf6
37.g4 hxg3 38.Kg2 Kxf5 39.Kxg3 Re1 40.Rd5+ Re5 41.Rxe5+ Kxe5 42.Kg4 Be3 43.Rd8 b5
44.Rb8 b4 45.Rb5+ Kd4 46.Rxa5 b3 47.Rb5 Kc4 48.Rxb3 Kxb3 49.h4 gxh4 50.Kxh4 Kc4  1/2-1/2

[Event "I La Marina"]
[Site "Ibiza ESP"]
[Date "2013.10.16"]
[Round "6.5"]
[White "Fenollar Jorda,M"]
[Black "Garcia Roman,D"]
[Result "1/2-1/2"]
[WhiteElo "2434"]
[BlackElo "2391"]

1.d4 Nf6 2.c4 g6 3.Nc3 d5 4.cxd5 Nxd5 5.e4 Nxc3 6.bxc3 Bg7 7.Be3 c5 8.Rc1 O-O
9.Nf3 Bg4 10.Be2 Qa5 11.Qd2 e6 12.d5 exd5 13.exd5 c4 14.O-O Nd7 15.Bxc4 Rac8
16.Bb3 Bxc3 17.Qd3 Bf5 18.Qe2 Nc5 19.Bc4 Rfe8 20.Ng5 Bf6 21.g4 Bxg5 22.gxf5 Bxe3
23.fxe3 Ne4 24.fxg6 hxg6 25.Bb3 Rxc1 26.Rxc1 Nd6 27.Kh1 Qb4 28.Kg2 Re5 29.Rf1 Qe4+
30.Qf3 Qxe3 31.Qxe3 Rxe3 32.Rf6 Ne8 33.Rf4 Re7 34.Kf2 Nd6 35.Rh4 Kg7 36.Kf3 b5
37.a4 Rc7 38.Ke2 Rc3 39.Bd1 Rc5 40.Rd4 a6 41.axb5 Nxb5 42.Rd3 Rxd5 43.Rxd5 Nc3+
44.Kd3 Nxd5 45.Kd4 Nf4 46.Ke4 Ne6 47.Ke5 a5 48.Bc2 Ng5 49.Bd1 a4 50.Bxa4 Nf3+
51.Kf4 Nxh2 52.Bb5 f5 53.Be2 Kf6 54.Kg3 Ng4 55.Bxg4 fxg4 56.Kxg4 g5 57.Kg3 Kf5
58.Kf3 g4+ 59.Kg3 Kg5 60.Kg2 Kf4 61.Kf2 g3+ 62.Kg2 Kg4 63.Kg1 Kf3 64.Kf1 g2+
65.Kg1 Kg3  1/2-1/2

[Event "SPICE Cup Open 2013"]
[Site "St Louis USA"]
[Date "2013.10.16"]
[Round "2.4"]
[White "Lenderman,A"]
[Black "Kiewra,K"]
[Result "1-0"]
[WhiteElo "2539"]
[BlackElo "2404"]

1.d4 Nf6 2.c4 g6 3.Nc3 d5 4.cxd5 Nxd5 5.e4 Nxc3 6.bxc3 Bg7 7.Be3 c5 8.Nf3 Nc6
9.Rc1 Qa5 10.d5 Ne5 11.Nxe5 Bxe5 12.Qd2 e6 13.f4 Bc7 14.d6 Bb6 15.Be2 Bd7
16.O-O Bc6 17.f5 gxf5 18.exf5 O-O-O 19.fxe6 fxe6 20.Bc4 Kb8 21.Bg5 Rdg8 22.d7 h6
23.Bf4+ Ka8 24.Rf2 Rd8 25.Bxe6 c4 26.Be3 Bxe3 27.Qxe3 Bxd7 28.Bxc4 Bc6 29.Bb3 h5
30.h4 Rhe8 31.Qg5 Re5 32.Qf6 a6 33.Kh2 Rde8 34.Bf7 R8e7 35.Rd1 Qc5 36.c4 Ka7
37.Bd5 Bd7 38.Rdd2 Qc7 39.Qf4 Qc5 40.Qd4 Qxd4 41.Rxd4 Kb6 42.Rdf4 Bc6 43.Rf6 Kc5
44.Bxc6 bxc6 45.R2f5 a5 46.Rg5 Rxg5 47.hxg5 Re4 48.Rf3 Kxc4 49.g6 Re8 50.Kh3 c5
51.Kh4 Kd4 52.Kxh5 c4 53.g7 c3 54.Rf4+ Kd3 55.Rf8 c2 56.Rxe8 c1=Q 57.Rd8+ Ke2
58.g8=Q Qh1+ 59.Kg5 Qxg2+ 60.Kf6 Qf3+ 61.Ke7 Qb7+ 62.Rd7 Qb4+ 63.Rd6 Qb7+
64.Kf6 Qf3+ 65.Kg7 Qg3+ 66.Rg6 Qe5+ 67.Kh7 Qh5+ 68.Rh6 Qf5+ 69.Qg6 Qd7+ 70.Qg7 Qf5+
71.Rg6 Qh3+ 72.Kg8 Qc8+ 73.Qf8 Qc4+ 74.Qf7 Qc8+ 75.Kg7 Qc3+ 76.Rf6 Qg3+ 77.Kf8  1-0

[Event "17th Unive Open 2013"]
[Site "Hoogeveen NED"]
[Date "2013.10.18"]
[Round "1.8"]
[White "Krasenkova,I"]
[Black "Wagner,De"]
[Result "1/2-1/2"]
[WhiteElo "2133"]
[BlackElo "2481"]

1.d4 Nf6 2.c4 g6 3.Nc3 d5 4.cxd5 Nxd5 5.e4 Nxc3 6.bxc3 Bg7 7.Be3 c5 8.Qd2 Qa5
9.Rc1 cxd4 10.cxd4 Qxd2+ 11.Bxd2 O-O 12.Nf3 e6 13.Bb5 Nc6 14.e5 Bd7 15.O-O Nxe5
16.Bxd7 Nxd7 17.Rc7 Nb6 18.Rxb7 Rfb8 19.Rxb8+ Rxb8 20.Rb1 Rd8 21.Bg5 Rd5
22.Be3 Kf8 23.h4 Ra5 24.Rb2 Ke8 25.Bf4 Kd7 26.Bb8 Bf6 27.Bxa7 Rxa7 28.Rxb6 Rxa2
29.Rb7+ Ke8 30.Rb8+ Ke7 31.Rb7+ Kf8 32.Ne5 Bxe5 33.dxe5 Ra5 34.f4 Ra4 35.g3 Ra2
36.Rc7 Kg7 37.Rb7 h6 38.Kf1 g5 39.hxg5 hxg5 40.f5 exf5 41.e6 Ra6 42.Rxf7+ Kg6
43.g4 fxg4 44.Kg2 Rxe6 45.Ra7 Re3 46.Ra8 g3 47.Ra5 Kh5 48.Ra4 Rb3 49.Rc4 Ra3
50.Rb4 Kg6 51.Rb5 Kf6 52.Rc5 Re3 53.Ra5 Kg6 54.Rb5 Kh5 55.Rb4 Kg6 56.Rb5 Kh6
57.Ra5 Rb3 58.Rc5 Ra3 59.Rb5 Kg6 60.Rc5 Kh5 61.Rc4 Rd3 62.Ra4 Rc3 63.Rb4 Ra3
64.Rc4 g4 65.Rc8 Rf3 66.Rh8+ Kg5 67.Rg8+ Kh4 68.Rh8+ Kg5 69.Rg8+ Kf4 70.Rf8+ Ke3
71.Re8+ Kf4 72.Rf8+ Ke4 73.Re8+ Kf4 74.Rf8+ Ke3 75.Re8+ Kf4  1/2-1/2

[Event "SPICE Cup Open 2013"]
[Site "St Louis USA"]
[Date "2013.10.18"]
[Round "6.2"]
[White "Shabalov,A"]
[Black "Molner,M"]
[Result "1/2-1/2"]
[WhiteElo "2520"]
[BlackElo "2493"]

1.d4 Nf6 2.c4 g6 3.Nc3 d5 4.cxd5 Nxd5 5.e4 Nxc3 6.bxc3 Bg7 7.Bc4 c5 8.Ne2 Nc6
9.Be3 O-O 10.O-O Qc7 11.Rc1 b6 12.h4 Bb7 13.h5 Rad8 14.hxg6 hxg6 15.f4 Na5
16.Bd3 f5 17.d5 fxe4 18.Bxe4 Nc4 19.Bf2 e6 20.Qd3 Bxd5 21.Bxg6 Bf6 22.Ng3 Qxf4
23.Bxc5 Qd2 24.Bh7+ Kh8 25.Qxd2 Nxd2 26.Rxf6 Rxf6 27.Bd4 Kxh7 28.Bxf6 Rg8
29.Rc2 Nf3+ 30.gxf3 Rxg3+ 31.Rg2 Rxg2+ 32.Kxg2 Bxa2 33.f4 Kg6 34.Be5 a5 35.Kf3  1/2-1/2

[Event "Aurora Fall Open 2013"]
[Site "Aurora CAN"]
[Date "2013.10.19"]
[Round "3.7"]
[White "Nicholson,Matthew"]
[Black "Yu,Wenlu"]
[Result "1-0"]
[WhiteElo "2040"]
[BlackElo "1863"]

1.d4 Nf6 2.c4 g6 3.Nc3 d5 4.cxd5 Nxd5 5.e4 Nxc3 6.bxc3 Bg7 7.Be3 c5 8.Qd2 O-O
9.Rc1 Nc6 10.d5 Na5 11.Bxc5 Qc7 12.Bd4 Nc4 13.Bxc4 Qxc4 14.Ne2 e5 15.dxe6 Bxe6
16.Bxg7 Kxg7 17.Qd4+ Qxd4 18.cxd4 Bxa2 19.Kd2 b5 20.Rc5 Bc4 21.Nc3 a6 22.Ra1 Rfe8
23.Ke3 f5 24.f3 Bf7 25.d5 fxe4 26.fxe4 b4 27.Nb1 Ra7 28.Nd2 g5 29.Ra4 Rb8
30.Nb3 Be8 31.Ra1 Bg6 32.Nd4 Re8 33.Ne6+ Kh6 34.Rc4 Rb8 35.Nd4 Rb6 36.Rc6 Rxc6
37.Nxc6 Ra8 38.Ra4 b3 39.Rb4 Re8 40.e5 Bc2 41.Kd4 Rf8 42.Kc3 Rc8 43.Kb2 a5
44.Rb6 Kh5 45.d6 Bf5 46.Nd4 a4 47.Rc6 Rxc6 48.Nxc6 Bd7 49.Nd4 Kg6 50.e6  1-0

[Event "17th Unive Open 2013"]
[Site "Hoogeveen NED"]
[Date "2013.10.19"]
[Round "2.1"]
[White "Hopman,P"]
[Black "Rodshtein,M"]
[Result "0-1"]
[WhiteElo "2338"]
[BlackElo "2664"]

1.d4 Nf6 2.c4 g6 3.Nc3 d5 4.cxd5 Nxd5 5.e4 Nxc3 6.bxc3 Bg7 7.Bc4 c5 8.Ne2 Nc6
9.Be3 O-O 10.Rc1 cxd4 11.cxd4 Qa5+ 12.Kf1 Qa3 13.Rc3 Qd6 14.h4 Bg4 15.f3 Bd7
16.h5 e5 17.d5 Na5 18.hxg6 hxg6 19.Bd3 Rac8 20.Bd2 Rxc3 21.Bxc3 Qc5 22.Qb1 Rc8
23.g4 Qe3 24.Kg2 Nc4 25.Rh3 b5 26.f4 Qb6 27.f5 a5 28.Be1 b4 29.Bf2 Qd6 30.Bh4 Na3
31.Qf1 a4 32.Bg5 b3 33.axb3 axb3 34.Kg3 f6 35.fxg6 Be8 36.Qf5 Bd7 37.Qf3 Be8
38.Qf5 Qd7 39.Bc1 Qxf5 40.gxf5 Nc4 41.Kf2 b2 42.Be3 Nxe3 43.Kxe3 Bb5 44.Bb1 Rc1
45.Kd2 Bxe2  0-1

[Event "TCh-Belgrade Premier liga 2013"]
[Site "Belgrade SRB"]
[Date "2013.10.20"]
[Round "9.2"]
[White "Nenezic,M"]
[Black "Martic,I SRB"]
[Result "0-1"]
[WhiteElo "2407"]
[BlackElo "2375"]

1.d4 Nf6 2.c4 g6 3.Nc3 d5 4.cxd5 Nxd5 5.e4 Nxc3 6.bxc3 Bg7 7.Bc4 c5 8.Ne2 O-O
9.Be3 Nc6 10.Rc1 Bd7 11.O-O Rc8 12.d5 Na5 13.Bd3 e5 14.f4 exf4 15.Bxf4 Qe7
16.Qd2 Be5 17.Kh1 Bxf4 18.Qxf4 f6 19.Ng1 b6 20.Nf3 Rce8 21.Rfe1 Nb7 22.Qg3 Qd6
23.e5 fxe5 24.Nxe5 Kg7 25.Re3 Re7 26.Rce1 Bf5 27.Bc4 Na5 28.h3 Nxc4 29.Nxc4 Qxg3
30.Rxe7+ Kh6 31.R7e3 Qf4 32.Ne5 Kg7 33.Rf3 Qd2  0-1

[Event "TCh-CZE Vychod 2013-14"]
[Site "Czech Rep CZE"]
[Date "2013.10.20"]
[Round "1.1"]
[White "Haba,P"]
[Black "Votava,J"]
[Result "1-0"]
[WhiteElo "2503"]
[BlackElo "2508"]

1.d4 Nf6 2.c4 g6 3.Nc3 d5 4.cxd5 Nxd5 5.e4 Nxc3 6.bxc3 Bg7 7.Nf3 c5 8.Rb1 O-O
9.Be2 b6 10.O-O Bb7 11.Qd3 Qc7 12.Bg5 e6 13.Qe3 Nd7 14.Bf4 e5 15.Bg3 Rae8
16.d5 Qd6 17.Nd2 f5 18.Bh4 Bf6 19.Bxf6 Nxf6 20.f3 Nh5 21.Bb5 f4 22.Qd3 Re7
23.Ba6 g5 24.Bxb7 Rxb7 25.Nc4 Qf6 26.a4 Kh8 27.Rfd1 Rg7 28.a5 bxa5 29.d6 g4
30.d7 Rd8 31.fxg4 Qe6 32.Nxe5 Qxe5 33.gxh5 a4 34.h6 Rg6 35.Qd5 Qxc3 36.Rd3 Qf6
37.e5 Qe7 38.Rb7 Rxh6 39.Rc7 Qh4 40.h3 Qe7 41.Qxc5  1-0

[Event "3rd Central Asia Cup"]
[Site "Dushanbe TJK"]
[Date "2013.10.20"]
[Round "9.1"]
[White "Barsov,A"]
[Black "Vakhidov,J"]
[Result "1/2-1/2"]
[WhiteElo "2535"]
[BlackElo "2423"]

1.d4 Nf6 2.c4 g6 3.Nc3 d5 4.cxd5 Nxd5 5.e4 Nxc3 6.bxc3 Bg7 7.Nf3 c5 8.Be3 Qa5
9.Qd2 O-O 10.Rc1 Rd8 11.d5 e6 12.Bg5 Rd6 13.Bf4 Rd8 14.Bg5 Rd6 15.Bf4 Rd8
16.Bg5 Rd6  1/2-1/2

[Event "29th ECC Open 2013"]
[Site "Rhodes GRE"]
[Date "2013.10.20"]
[Round "1.4"]
[White "Ben Artzi,I"]
[Black "Zimmermann,L"]
[Result "1-0"]
[WhiteElo "2370"]
[BlackElo "2102"]

1.d4 Nf6 2.c4 g6 3.Nc3 d5 4.cxd5 Nxd5 5.e4 Nxc3 6.bxc3 Bg7 7.Nf3 c5 8.Be3 Bg4
9.Rc1 Qa5 10.Qb3 cxd4 11.Nxd4 Qc7 12.Nb5 Qa5 13.Qb4 Qd8 14.Nxa7 O-O 15.Bc4 Qc7
16.O-O Na6 17.Bxa6 bxa6 18.Qc5 Qxc5 19.Bxc5 Bd7 20.c4 Rfb8 21.Rb1 f5 22.exf5 Rxb1
23.Rxb1 Bxf5 24.Rd1 Kf7 25.Bb6 Be5 26.Nc6 Bf6 27.c5 e5 28.f3 Be6 29.a3 Rc8
30.Na5 Be7 31.Nb7 Kf6 32.Kf2 h5 33.Ke3 Kf5 34.Nd6+ Bxd6 35.Rxd6 a5 36.c6 a4
37.Bd8 e4 38.f4 g5 39.fxg5 Ke5 40.Rd4 Rxc6 41.Bf6+ Kf5 42.Rxa4 Rc2 43.Rxe4 Bc8
44.Rf4+ Kg6 45.Rf2 Rc4 46.Rb2 Ra4 47.Be7 Ra5 48.Kf4 Kf7 49.Rc2 Bd7 50.Bc5 Kg6
51.h4 Rb5 52.Rd2 Bc8 53.Rd6+ Kg7 54.Bd4+  1-0